000 00387nam a2200157 i 4500
001 bg
100 1 _aCHAJN, Leon
245 0 _aPolskie wolnomularstwo 1920-1938 /
_cLeon Chajn.
250 _a[Wyd.2 zm.].
260 _aWarszawa,
_c1984.
040 _cBPK
041 _apol
080 _a061.236.61(438)"19":943.8.081::323
942 _cKS
008 s pl f |000 0 pol
999 _c22784
_d22784
856 _uhttp://koha.tu.koszalin.pl/cgi-bin/koha/opac-detail.pl?biblionumber=22784
_yKatalog online BPK